00582nam a2200169Ia 450000500170000000800410001708200130005810000190007124501070009026000390019730000160023665000190025265000220027194200060029395200980029999900150039720250304030902.0240331s9999 xx 000 0 und d bSENa954 aSenaveratna, J 4aThe story of the sinhalese from the most ancient times up to the end of the Mahavamsa or great dynasty aColombobW.M.A. Wahid & Brosc1930 aX, 298 p ., aKings of Lanka aHistory of Ceylon cL 001040708LaWERCLbWERCLcSSCd2024-03-31l0o 954.93 SENp3190r2024-03-31w2024-03-31yL c3532d3532